Normal view
MARC view
Entry Personal Name
001 - CONTROL NUMBER
- control field: 8304
003 - CONTROL NUMBER IDENTIFIER
- control field: ARRUPE
005 - DATE AND TIME OF LATEST TRANSACTION
- control field: 20140206162708.0
008 - FIXED-LENGTH DATA ELEMENTS
- fixed length control field: 140206|| aca||aabn | a|a d
040 ## - CATALOGING SOURCE
- Original cataloging agency: ARRUPE
- Transcribing agency: ARRUPE
100 ## - HEADING--PERSONAL NAME
- Personal name: Austin, J. L.
- Fuller form of name: (John Langshaw),
- Dates associated with a name: 1911-1960.
670 ## - SOURCE DATA FOUND
- Source citation: Work cat.: (ARRUPE)0: Austin, J. L. (John Langshaw), 1911-1960., Sense and sensibilia,, [1963, c1962]